<?xml version="1.0" encoding="UTF-8"?>
<marc:record xmlns:marc="http://www.loc.gov/MARC21/slim">
   <marc:leader>00000nam a2200000 a 4500</marc:leader>
   <marc:datafield ind1="1" ind2=" " tag="100">
      <marc:subfield code="a">Solomons, Natasha</marc:subfield>
      <marc:subfield code="4">aut</marc:subfield>
      <marc:subfield code="e">Verfasser/-in</marc:subfield>
   </marc:datafield>
   <marc:datafield ind1="0" ind2="0" tag="245">
      <marc:subfield code="a">Das goldene Palais</marc:subfield>
   </marc:datafield>
   <marc:datafield ind1="0" ind2="0" tag="245">
      <marc:subfield code="b">Roman</marc:subfield>
   </marc:datafield>
   <marc:datafield ind1="0" ind2="0" tag="245">
      <marc:subfield code="c">Natasha Solomons ; aus dem Englischen von Martin Ruben Becker</marc:subfield>
   </marc:datafield>
   <marc:datafield ind1=" " ind2="1" tag="264">
      <marc:subfield code="a">Reinbek bei Hamburg</marc:subfield>
      <marc:subfield code="b">Kindler</marc:subfield>
      <marc:subfield code="c">2019</marc:subfield>
   </marc:datafield>
   <marc:datafield ind1=" " ind2=" " tag="250">
      <marc:subfield code="a">1. Auflage</marc:subfield>
   </marc:datafield>
   <marc:datafield ind1="1" ind2=" " tag="520">
      <marc:subfield code="a">Wien, 1910. Die alte, über ganz Europa verteilte Familie Goldbaum hat ihren enormen Reichtum Bankgeschäften zu verdanken. Greta, das jüngste Kind, ist ein eigenwilliges Wesen. Ihr droht eine Ehe mit Albert, dem Spross des englischen Zweigs der Familie, von dem es heißt, er sei spröde und sauertöpfisch, noch dazu ein leidenschaftlicher Schmetterlingsjäger. Doch Greta beschließt, die Sache auf sich zukommen zu lassen &#x96; und tut gut daran. Während das private Glück unverhofft über Greta hereinbricht, zeigen sich immer bedrohlicher die Vorboten eines großen kriegerischen Konflikts. Ein Konflikt, in den die Goldbaums als Teil der politischen Aristokratie und Finanziers von Waffengeschäften tief verstrickt sind.</marc:subfield>
   </marc:datafield>
   <marc:datafield ind1=" " ind2=" " tag="020">
      <marc:subfield code="a">9783463407012</marc:subfield>
      <marc:subfield code="9">9783463407012</marc:subfield>
   </marc:datafield>
   <marc:datafield ind1=" " ind2=" " tag="020">
      <marc:subfield code="a">3463407019</marc:subfield>
      <marc:subfield code="9">3463407019</marc:subfield>
   </marc:datafield>
   <marc:datafield ind1=" " ind2=" " tag="041">
      <marc:subfield code="a">ger</marc:subfield>
   </marc:datafield>
   <marc:datafield ind1=" " ind2=" " tag="300">
      <marc:subfield code="a">604 Seiten</marc:subfield>
   </marc:datafield>
</marc:record>
